Sports Quiz

Random Sports or MLB Quiz

MLB #1 Draft Picks (2000s) Quiz Stats

Quiz Updated Dec 13, 2017

Challenge
Share
Tweet
Score 0/10 Timer 04:00
11 Plays Today
Hint Answer % Correct
2001Joe Mauer
89.9%
2007David Price
86.6%
2009Stephen Strasburg
79.9%
2005Justin Upton
69.5%
2000Adrián González
68.6%
2003Delmon Young
45.8%
2008Tim Beckham
33.1%
2006Luke Hochevar
28.2%
2004Matt Bush
26.8%
2002Bryan Bullington
11.5%

You're not logged in!

Compare scores with friends on all Sporcle quizzes.
Sign Up with Email
OR
Log In

You Might Also Like...

Show Comments

Extras

Top Quizzes Today


Score Distribution

Your Account Isn't Verified!

In order to create a playlist on Sporcle, you need to verify the email address you used during registration. Go to your Sporcle Settings to finish the process.

Report this User

Report this user for behavior that violates our Community Guidelines.

Details: